000 00594nam a2200229Ia 4500
003 OSt
005 20221005130304.0
006 a|||||r|||| 00| 0
007 ta
008 221004b |||||||| |||| 00| 0 eng d
024 _a62192
037 _cTextual
040 _aCRL
_cCRL
_beng
041 _2eng
_aeng
082 _aS:55x2, K5
100 _aKokkoka
_9637887
245 0 _aRati rahasya
_b Hindu secrets of love tr from the Sanskrit by S C Upadhyaya
260 _c1965
650 _aPSYCHOLOGY
942 _hS:55x2, K5
_cTEXL
_2cc
999 _c1056726
_d1056726